000 003180000a22001210004500
008 230817t ||||| |||| 00| 0 eng d
082 _a305.23
_bREV
245 _aA review of the situation of children:
_bSri Lanka
260 _aNew Delhi:
_bUNICEF,
_c1986
300 _a43 p.
650 _aCHILDREN-Sri Lanka
942 _cRP
999 _c1711
_d1711